00774nam a2200193 4500999001500000008004100015020001500056050002200071100002300093245015700116250001200273260003700285300002700322650001800349700002100367700002200388942003400410952013600444 c3453d3453150825b xxu||||| |||| 00| 0 eng d a0878937919 aQP 360 .R658 1999 aRosenzweig R. Mark aBiological Phychology:bAn introduction to Behavioral, Cognitive , and Clinical Neuroscience/cMark R. Rosenzweig,Arnold L. Leiman And S. Marc Breedlove a2nd ed. aUSA:bSinauer Associates,c1999. axv, 561p.:bill.c28cm aPsychobiology aLeiman L. Arnold aBreedlove Marc S. 2lcccBOOKShQP 360 .R658 1999 00102lcc4070aMUCbMUCcGENd2015-08-25eDonation (B.F.A)l2oQP 360 .R658 1999p8020r2021-06-10s2021-05-17w2015-08-25yBOOKS